Royal Australian navy ships - Statistics

General Stats
  • This quiz has been taken 19 times
  • The average score is 6 of 26
Answer Stats
Hint Answer % Correct
Hmas Adelaide
78%
Amphibious assault Hmas Canberra
78%
Destroyers Hmas Hobart
67%
Hmas Sydney
56%
Hmas Ballarat
44%
Hmas Brisbane
44%
Hmas Perth
44%
amphibious support Hmas Choules
33%
Hmas Toowoomba
33%
Hmas warramunga
33%
Hmas Stalwart
22%
replenishment Hmas supply
22%
Hmas Parramatta
11%
Hmas Stuart
11%
Hmas Albany
0%
Frigates Hmas Aruntha
0%
Patrol ships Hmas Bathurst
0%
Hmas Cape Capricorn
0%
Hmas Cape Naturaliste
0%
Hmas Cape Pillar
0%
Hmas Cape Schanck
0%
Hmas Cape Solander
0%
Hmas Cape Woolamai
0%
Hmas Childers
0%
Hmas Diamantina
0%
Mine hunters Hmas Yarra
0%
No matching quizzes found
Score Distribution
Percent of People with Each Score
Percentile by Number Answered
Your Score History
You have not taken this quiz